| 000 | 01498cam a22003977a 4500 | ||
|---|---|---|---|
| 003 | CHAP | ||
| 005 | 20220817044154.0 | ||
| 008 | 070620d2006 mx bd r 00110 spa d | ||
| 010 | _a93769 | ||
| 011 | _a94741 | ||
| 020 | _a9707041005 | ||
| 035 | _a105338 | ||
| 040 | _cCHAP | ||
| 082 | 0 | 4 |
_a378.99 _bS5 |
| 100 | 0 | 0 |
_aSilva Laya, Yengny Marisol. _9106012 |
| 245 | 1 | 0 |
_aLa calidad educativa de las Universidades Tecnológicas : _bsu relevancia, su proceso de formación y sus resultados _c/por Marisol Silva Laya |
| 260 |
_aMéxico, D.F. : _bAsociación Nacional de Universidades e Instituciones de Educación Superior, _c2006 |
||
| 300 |
_a214 p. : _bgráfs.; cuadros. |
||
| 410 | 2 | 1 | _aANUIES |
| 490 | 0 | _aBiblioteca de la educación superior. Serie investigaciones | |
| 590 |
_aBATCH-UPD _b10 _c20130110 _lUCH01 _h0559 |
||
| 590 |
_aBATCH-UPD _b10 _c20130110 _lUCH01 _h2237 |
||
| 590 |
_aBATCH-UPD _b10 _c20130410 _lUCH01 _h0241 |
||
| 590 |
_aBATCH-UPD _b10 _c20130914 _lUCH01 _h0618 |
||
| 590 |
_aCONVERSION _b10 _c20130109 _lUCH01 _h1352 |
||
| 650 | 1 | 4 |
_aCalidad _xControl de la. _917484 |
| 650 | 1 | 4 | _aEducación superior. |
| 650 | 1 | 4 |
_aEducación técnica. _935672 |
| 810 | 0 | 0 |
_aANUIES _96161 |
| 830 | 0 | _aBiblioteca de la educación superior. Serie investigaciones | |
| 901 | _aBK | ||
| 905 | _aElisama A. H. | ||
| 942 | _cLIBRO | ||
| 949 |
_a378.99 S5 _bBC _cLIBRO _d33724002033545 _eLIBRO _h108670 _i105338 _sb |
||
| 949 |
_a378.99 S5 _bBC _cLIBRO _d33724002033587 _eLIBRO _fc.2 _h108671 _i105338 _sb |
||
| 999 |
_c93769 _d93769 |
||